000 02113nam0a2200373 4500
001 RU\NLR\bibl\75162
005 20260408192435.0
010 _a5-88759-019-Х
_95000
021 _aRU
_b1998-41807
_92010
035 _a(NLR Aleph) 000073353
090 _a405539
_c405539
100 _a20000315d1998 |||y0rusy50 ca
101 0 _arus
102 _aRU
105 _ay |||||||||
200 1 _aПосреднические операции
_eПравовое регулирование. Бух. учет
_fО.В. Хадыева
210 _aМ.
_cГлавбух
_d1998
215 _a141, [2]с.
_d21
225 1 _aБиблиотека журнала "Главбух"
606 0 _aПосреднические услуги
_xДоговоры
_yРоссийская Федерация
_91933925
_3RU\NLR\auth\66883193
606 0 _aПосреднические услуги
_jНормативные и руководящие материалы
_xДоговоры
_xБухгалтерский учет
_yРоссийская Федерация
_92160560
_3RU\NLR\auth\661300291
606 0 _aПосреднические услуги
_jНормативные документы
_xДоговоры
_xБухгалтерский учет
_yРоссийская Федерация
_92160560
_3RU\NLR\auth\661300291
606 _aПосреднические услуги
_xДоговоры
_xНалоговое обложение
_yРоссийская Федерация
_jНормативные и руководящие материалы
_3RU\NLR\auth\661300292
_92160561
606 _aПосреднические услуги
_xДоговоры
_xНалоговое обложение
_yРоссийская Федерация
_jНормативные документы
_3RU\NLR\auth\661300292
_92160561
686 _aХ621.13-39(2Р)21
686 _aУ052.9(2)2я8
686 _aУ26(2)141.3я8
700 1 _aХадыева
_bО. В.
_4070
801 0 _aRU
_bNLR
_c20000315
_gPSBO
801 1 _aRU
_bNLR
_c20000315
852 _aNLR
_j99-3/20509
942 _cBOOK
980 _aNB